000 00265nam a22001217a 4500
040 _cSY
082 _a338
100 _aSUN HEAN; ស៊ុន ហ៊ាន
245 _aWildlife, សត្វព្រៃ
260 _aRUA
_bSUN
_cNA
300 _a64p.
942 _cKB
999 _c9370
_d9370